000
00322nam a22001457a 4500
003
SGT
020
_a
978-93-81301-88-3
082
_a
618.1
_b
K17T
100
_a
TEWARI, P.V
245
_a
KUMARABHRTYA IN AYURVEDA
260
_a
VARANASI
_b
CHAUKHAMBHA PUB
_c
2017
300
_a
140
650
_a
AYURVEDA
942
_2
ddc
_c
BK
_0
1
999
_c
14446
_d
14446